Analýza vplyvu krízy na jednotlivé ekonomické kategórie v podnikoch

Analýza vplyvu finančnej krízy na ekonomické kategórie ako ročný obrat, tvorba pridanej hodnoty, tvorba EBITDA, počet zamestnancov, výška osobných nákladov, výška vlastného imania, objem prijatých úverov podnikov vyrábajúcich nábytok v SR. Sledované obdobie: 2008 až 2013.

Salvato in:
Dettagli Bibliografici
Autore principale: Kello, Martin
Natura: Capitolo di libro
Lingua:slovacco
Soggetti:
Tags: Aggiungi Tag
Nessun Tag, puoi essere il primo ad aggiungerne!!

MARC

LEADER 00000nla a2200000 4500
001 0223837
005 20240502073650.5
041 0 |a slo 
044 |a SK 
245 1 0 |a Analýza vplyvu krízy na jednotlivé ekonomické kategórie v podnikoch  |c Martin Kello 
520 |a Analýza vplyvu finančnej krízy na ekonomické kategórie ako ročný obrat, tvorba pridanej hodnoty, tvorba EBITDA, počet zamestnancov, výška osobných nákladov, výška vlastného imania, objem prijatých úverov podnikov vyrábajúcich nábytok v SR. Sledované obdobie: 2008 až 2013. 
610 2 0 |a kategórie ekonomické 
610 2 0 |a kríza finančná 
610 2 0 |a kríza hospodárska 
610 2 0 |a podnik výrobný 
610 2 0 |a analýzy 
610 2 0 |a Slovensko 
100 1 |a Kello, Martin